|
|
|
|
| LEADER |
00845nam a22002292a 4500 |
| 001 |
000155644 |
| 003 |
CZ BrMZK |
| 005 |
20160915132512.0 |
| 007 |
ta |
| 008 |
010907s1982 xr f cze d |
| 040 |
|
|
|a BOA001
|b cze
|c BOA001
|
| 041 |
0 |
|
|a cze
|b rus
|b eng
|
| 080 |
|
|
|a 930(47)"1917"/..."+947.084.1
|2 MRF
|
| 100 |
1 |
|
|a Fic, Vladimír,
|d 1946-
|7 jn20000400683
|4 aut
|
| 245 |
1 |
0 |
|a Teoretické otázky výstavby socialismu v sovětské literatuře posledního desetiletí :
|b Vladimír Fic
|
| 260 |
|
|
|a Praha :
|b Ústav československých a světových dějin ČSAV,
|c 1982
|
| 300 |
|
|
|a s. 265-282
|
| 500 |
|
|
|a Separát z: Historiografie čelem k budoucnosti
|
| 500 |
|
|
|a Ruské a anglické resumé
|
| 910 |
|
|
|a BOA001
|b X-0869.051
|
| 990 |
|
|
|a BK
|
| 996 |
6 |
|
|b 2619950954
|c X-0869.051
|l MZK
|r Sklad / do 24 hodin
|n 1
|w 000155644
|u 000010
|a 1
|e BOA001
|j MZK50
|s P
|